| 000 | 00370cam a22001217a 4500 | ||
|---|---|---|---|
| 008 | 180718b1986 xxu||||| |||| 00| 0 eng d | ||
| 082 | _aR11x5434 G341 | ||
| 100 | _aGhadoliya, M.K. | ||
| 245 |
_aStructure of employment earnings and assets in India: a case study _cby M.K. Ghadoliya |
||
| 260 |
_aDelhi _bMittal _c1986 |
||
| 300 | _a248p. | ||
| 650 | _aEmployment - Rajasthan | ||
| 999 |
_c345248 _d345248 |
||